| 000 | 00897nam a2200241 a 4500 | ||
|---|---|---|---|
| 001 | 000021420 | ||
| 005 | 20200930011325.0 | ||
| 008 | 100907s1988 mx a r 000 | spa d | ||
| 020 | _a9686642684 | ||
| 040 |
_aDO-SdBNP _bspa _cBNPHU |
||
| 082 |
_a320.973 _bS696d |
||
| 100 | 1 |
_aSomit, Albert _944692 |
|
| 240 | 1 | 0 |
_aThe devolopment of american political _lespañol |
| 245 | 1 | 3 |
_aEl desarrollo de la ciencia política estadunidense / _cAlbert Somit, Joseph Tanenhaus; traducción, José Luis González. |
| 260 |
_aMéxico D. F. : _bGernika, _c1988. |
||
| 300 |
_a295 p. , : _bil. ; _c21 cm. |
||
| 500 | _aIncluye notas y refencia al pie de página | ||
| 534 |
_aTítulo original : _tThe devolopment of american political |
||
| 650 | 4 |
_aCiencias políticas _xEstados unidos _xHistoria _944693 |
|
| 700 | 1 |
_aTanenhaus, Joseph _944694 |
|
| 700 | 1 |
_aGonzález, José Luis _etr. _95327 |
|
| 049 | _aBNGR | ||
| 999 |
_c20920 _d20920 |
||